000 01519nab a22002537a 4500
999 _c6270
_d6270
003 OSt
005 20260128194040.0
008 190514b xxu||||| |||| 00| 0 spa d
040 _cPJ
100 _96974
_aBrigandi, Jésica
245 1 0 _aDiscapacidad, medida de no innovar en el marco de la auditoría de pensiones no contributivas por invalidez :
_buna respuesta protectoria que garantiza la tutela judicial efectiva /
_cJésica Brigandi, Edgardo Bartolomé.
300 _ap. 93-101
500 _aCita: TR LALEY AR/DOC/2712/2025.
505 _aSumario: I. Resumen del caso.— II. Los derechos de las personas con discapacidad en el contexto sociopolítico actual.— III. La auditoría sobre las PNC de la Agencia Nacional de Discapacidad.— IV. El derecho a la inclusión en materia de discapacidad como política pública.— V. Conclusiones. El rol del Estado y el Poder Judicial en la tutela efectiva de los derechos.
505 _tFallo comentado: CCiv. y Com., Trenque Lauquen ~ 30/05/2025 ~ S., H. N. s/ determinación de la capacidad jurídica.
650 0 _9967
_aDERECHO DE FAMILIA
650 0 _93271
_aPERSONAS CON DISCAPACIDAD
650 0 _94961
_aPENSIONES NO CONTRIBUTIVAS
650 0 _93016
_aPOLÍTICAS PUBLICAS
650 0 _91057
_aJURISPRUDENCIA APLICABLE
700 _96975
_aBartolomé, Edgardo
773 0 _02844
_93222
_dBuenos Aires : AbeledoPerrot, 1989-
_tDerecho de familia. Revista Interdisciplinaria de doctrina y jurisprudencia. Diciembre 2025-VI.
_z18511201
942 _2udc
_cANA